| 000 | 00344 a2200145 4500 | ||
|---|---|---|---|
| 001 | 157234 | ||
| 040 | _cEscola São Tomás de Aquino | ||
| 100 | _aSYPRIANO, Lilian | ||
| 240 | 1 | 0 |
_aQuem matou Honorato, o rato? _lpor |
| 245 | 1 | 0 | _aQuem matou Honorato, o rato? |
| 300 | _a31 | ||
| 362 | 0 | _a2007 | |
| 697 | _a*LITERATURA INFANTO | ||
| 942 | _cBK | ||
| 999 |
_c157234 _d157234 |
||